000 01492nam a2200229 a 4500
001 000005887
005 20200929151827.0
008 090824s2006 dr 001 0 spa d
040 _aDO-SdBNP
_bspa
_cBNPHU
082 _a345.05
_bT289u
100 1 _aTena de Sosa, Félix María
_916592
245 1 0 _aUna aproximación humanista al derecho de defensa en el proceso penal dominicano /
_cFélix María Tena de Sosa.
260 _aSanto Domingo :
_bComisionado de Apoyo a la Reforma y Modernización de la Justicia,
_c2006.
300 _a76 p. ;
_c22 cm.
504 _aIncluye bibliografía y notas al pie de páginas.
505 0 _gPresentación /
_rCésar Pina Toribio --
_gIntroducción --
_tRegulación de la justicia penal --
_tEl derecho de defensa en un Estado de derecho --
_tConcepto jurídico de defensa --
_tGénesis del derecho de defensa --
_tDefensa material y defensa técnica --
_tEl derecho de defensa como garantía de verdad --
_tLa declaración del imputado como medio de defensa --
_tLa igualdad y el derecho de defensa --
_tImportancia de la defensa pública en una sociedad desigual --
_gA modo de conclusión.
586 _aPrimer lugar Concurso Nacional de Ensayos sobre el Código Procesal Penal en el marco del II aniversario de la Reforma Procesal Penal.
590 _aInventariado,2018/DG
650 4 _aDefensa (procedimiento penal)
_zRepública Dominicana
_916593
650 4 _aProcedimiento penal
_zRepública Dominicana
_914474
910 _aValidado. Control de calidad EMS
999 _c5683
_d5683